000 00615nam a2200217Ia 4500
003 OSt
005 20250307155706.0
008 210210b1973 xxu||||| |||| 00| 0 eng d
040 _cAL
041 _ahin
082 _aH891.9 SAVS
100 _aSAVITRI CHANDR:
_9204960
110 _bसावित्री चंद्र
_9204961
245 _aSamaj aur samskrati:
_bसमाज और संस्कृति
260 _aNayi Dilli
_bNational Pablishing House
_c1973
300 _a235
650 _aTulsi Sur Dadu
_9204962
690 _aHindi Criticism
_9204963
906 _a033781
942 _2ddc
_cBK
999 _c84920
_d84920